[Event "Chigorin Memorial 26th"]
[Site "St Petersburg"]
[Date "2018.11.04"]
[Round "9"]
[White "Gavrilenko, Alexander"]
[Black "Shadunts, Kirill"]
[Result "0-1"]
[WhiteElo "1000"]
[BlackElo "1907"]
[PlyCount "100"]
[EventDate "2018.10.27"]
[EventType "swiss"]
[EventRounds "9"]
[EventCountry "RUS"]
[SourceTitle "CBM 187 Extra"]
[Source "ChessBase"]
[SourceDate "2018.11.04"]
[SourceVersion "1"]
[SourceVersionDate "2018.11.04"]
[SourceQuality "1"]

1. d4 d5 2. c4 e6 3. Nc3 Be7 4. Bf4 Nf6 5. e3 0-0 6. cxd5 Nxd5 7. Nxd5 Qxd5 8. a3 c5 9. Nf3 Nc6 10. dxc5 Qxc5 11. Rc1 Qa5+ 12. Qd2 Qb6 13. Qc2 Rd8 14. Bd3 Qa5+ 15. Nd2 g6 16. Rd1 e5 17. Bg3 Kg7 18. 0-0 Be6 19. Nc4 Bxc4 20. Bxc4 h5 21. f4 h4 22. Bf2 f5 23. e4 exf4 24. exf5 g5 25. Kh1 Bf6 26. Be6 Ne5 27. Rc1 Nd3 28. Qc7+ Qxc7 29. Rxc7+ Kh6 30. Bg1 b6 31. b4 g4 32. Bc4 Kg5 33. Be6 Ne5 34. g3 hxg3 35. hxg3 Rh8+ 36. Kg2 f3+ 37. Kf2 Rhd8 38. Ke3 Nd3 39. Ke4 f2 40. Bxf2 Nxf2+ 41. Rxf2 Rd4+ 42. Ke3 Rad8 43. Bc4 Re8+ 44. Be6 Red8 45. Bc4 Rd1 46. Rc2 Be5 47. Rxa7 Bxg3 48. Be6 R8d3+ 49. Ke2 Rd4 50. Rg7+ Kf4 0-1

[Event "Chigorin Memorial 26th"]
[Site "St Petersburg"]
[Date "2018.11.01"]
[Round "6"]
[White "Shemyakinskiy, Nikita"]
[Black "Gavrilenko, Alexander"]
[Result "0-1"]
[WhiteElo "1655"]
[BlackElo "1000"]
[PlyCount "130"]
[EventDate "2018.10.27"]
[EventType "swiss"]
[EventRounds "9"]
[EventCountry "RUS"]
[SourceTitle "CBM 187 Extra"]
[Source "ChessBase"]
[SourceDate "2018.11.04"]
[SourceVersion "1"]
[SourceVersionDate "2018.11.04"]
[SourceQuality "1"]

1. d4 d5 2. Bf4 Nf6 3. e3 c5 4. Nc3 a6 5. Qd2 Nc6 6. Nf3 Bf5 7. a3 e6 8. Be2 c4 9. Qc1 Be7 10. h3 0-0 11. 0-0 h6 12. Re1 b5 13. Ne5 Qb6 14. Nxc6 Qxc6 15. f3 Bg6 16. Bg3 Nh5 17. Bf2 Qc7 18. g4 Ng3 19. Kg2 Nxe2 20. Nxe2 f6 21. c3 e5 22. f4 exf4 23. exf4 Be4+ 24. Kh2 Bd6 25. Bg3 f5 26. Qd2 g5 27. Rf1 Bd3 28. fxg5 Bxe2 29. Qxe2 Bxg3+ 30. Kg2 Rae8 31. Qf3 f4 32. gxh6 Qd6 33. Rac1 Re3 34. Qd1 Rfe8 35. Rc2 Qg6 36. Rd2 Qe4+ 37. Kg1 Qe7 38. Qc2 Qe4 39. Qd1 Re2 40. Rxe2 Qxe2 41. Qxe2 Rxe2 42. h4 Re1 43. Rxe1 Bxe1 44. h5 Kh7 45. Kf1 Bd2 46. Ke2 Bc1 47. g5 Bxb2 48. Kf3 Bxc3 49. a4 Bxd4 50. axb5 axb5 51. Ke2 b4 52. Kd2 f3 53. Ke1 b3 54. g6+ Kxh6 55. g7 Kxg7 56. h6+ Kxh6 57. Kd1 f2 58. Kd2 Kg5 59. Ke2 b2 60. Kd2 Kf4 61. Ke2 Ke4 62. Kf1 b1Q+ 63. Kg2 f1Q+ 64. Kg3 Qf4+ 65. Kh3 Qh1# 0-1

[Event "Chigorin Memorial 26th"]
[Site "St Petersburg"]
[Date "2018.10.29"]
[Round "3"]
[White "Shidlovskiy, Artemiy"]
[Black "Gavrilenko, Alexander"]
[Result "1-0"]
[WhiteElo "2073"]
[BlackElo "1000"]
[PlyCount "73"]
[EventDate "2018.10.27"]
[EventType "swiss"]
[EventRounds "9"]
[EventCountry "RUS"]
[SourceTitle "CBM 187 Extra"]
[Source "ChessBase"]
[SourceDate "2018.11.04"]
[SourceVersion "1"]
[SourceVersionDate "2018.11.04"]
[SourceQuality "1"]

1. d4 d5 2. c4 c6 3. Nf3 Nf6 4. Nc3 dxc4 5. a4 Bf5 6. e3 e6 7. Bxc4 Bb4 8. 0-0 Nbd7 9. h3 Bg6 10. Qb3 a5 11. Na2 Be7 12. Nc3 Bb4 13. Bd2 Nb6 14. Be2 Nfd5 15. Ne5 Bf5 16. Bf3 Nxc3 17. bxc3 Bd6 18. e4 Bg6 19. Nxg6 hxg6 20. c4 c5 21. e5 Be7 22. d5 exd5 23. cxd5 Nd7 24. d6 Nxe5 25. Qb5+ Qd7 26. Qxd7+ Kxd7 27. dxe7 Nxf3+ 28. gxf3 Rxh3 29. Rab1 Rxf3 30. Rxb7+ Kd6 31. Bxa5 Re8 32. Rd1+ Ke6 33. Bd8 g5 34. Ra1 g4 35. Kg2 f5 36. a5 Rh8 37. Re1+ 1-0

[Event "Chigorin Memorial 26th"]
[Site "St Petersburg"]
[Date "2018.10.27"]
[Round "1"]
[White "Gavrilenko, Alexander"]
[Black "Mustafayev, Farid Farman Oglu"]
[Result "0-1"]
[WhiteElo "1000"]
[BlackElo "2109"]
[PlyCount "94"]
[EventDate "2018.10.27"]
[EventType "swiss"]
[EventRounds "9"]
[EventCountry "RUS"]
[SourceTitle "CBM 187 Extra"]
[Source "ChessBase"]
[SourceDate "2018.11.04"]
[SourceVersion "1"]
[SourceVersionDate "2018.11.04"]
[SourceQuality "1"]

1. d4 d5 2. c4 dxc4 3. e3 Nf6 4. Bxc4 e6 5. Nf3 a6 6. 0-0 c5 7. dxc5 Qxd1 8. Rxd1 Bxc5 9. Nc3 b5 10. Bd3 Bb7 11. a3 Nbd7 12. b4 Be7 13. Bb2 Rc8 14. Rac1 0-0 15. Bb1 Bxf3 16. gxf3 Ne5 17. Ne4 Nxf3+ 18. Kg2 Nxe4 19. Bxe4 Rxc1 20. Rxc1 Nd2 21. Bb7 Nc4 22. Rc2 Rb8 23. Bxa6 Rb6 24. Rxc4 bxc4 25. Bxc4 Bxb4 26. Bd4 Bc5 27. Bxc5 Rc6 28. Bxe6 Rxc5 29. Bd7 Rd5 30. Bc6 Rg5+ 31. Kf3 Kf8 32. a4 Ke7 33. h4 Rg1 34. Bb5 Rb1 35. Kf4 g6 36. e4 h5 37. f3 f6 38. Bc6 Rg1 39. e5 g5+ 40. hxg5 fxg5+ 41. Kf5 h4 42. a5 h3 43. f4 gxf4 44. a6 Ra1 45. Kxf4 Rxa6 46. Bf3 h2 47. Kg3 Ra3 0-1